000
00242nam a2200097Ia 4500
005
20251222114413.0
008
251222s1900||||xx |||||||||||||| ||spa||
082
_a
DVD0070/H27/1944
245
0
_a
Tener y no tener:To have and have not
942
_c
DVD
999
_c
2107
_d
2107